| 000 | 01008nam a2200289 a 4500 | ||
|---|---|---|---|
| 001 | vtls001347379 | ||
| 003 | NLI | ||
| 005 | 20210627080940.0 | ||
| 008 | 120623m1938uuuuii s000 0 eng | ||
| 039 | 9 |
_y201206231932 _zVLOAD |
|
| 040 |
_aNLI _beng _cDatasoft_IOD_S _eAACR2 |
||
| 041 | 0 | _aeng | |
| 044 | _a ii | ||
| 082 | 0 | 4 | _a 336.5451 |
| 110 | 1 |
_aMadras (India). _bOffice of the Comptroller and Editor General |
|
| 245 | 1 | 0 |
_aFinance accounts _f1937-38 and the audit report 1938 / _cOffice of the Comptroller and Editor General.Goverment of Madras |
| 260 |
_aNew Delhi : _bManager Publications Press, _c1938- |
||
| 300 |
_a-v. ; _c24 cm. |
||
| 500 | _aLibrary has 1937-1967 | ||
| 650 | 0 |
_aFinance, Public _zIndia _zMadras _9752604 |
|
| 651 | 0 |
_aMadras (India) _xEconomic policy |
|
| 887 | _a | ||
| 901 |
_aIMP23871 date _b16.03.2010 _91939-1940 and 1940 |
||
| 902 | _aGP 336.5451 M 267 f | ||
| 949 |
_AVIRTUAITEM _D10002 _X100 _6IMP000023871ENG _91939-1940 and 1940 |
||
| 942 |
_2ddc _cBKS |
||
| 999 |
_aVIRTUA40 _c716005 _d716005 |
||